Snowboarding - Najlepsze Kraje na IO w XXI wieku - Statystyki

Ogólne statystyki
  • Ten quiz został rozwiązany 22 razy
  • Średni wynik to 8 z 10
Statystyki odpowiedzi
🥇 🥈 🥉 Kraj % Poprawnych
17x 9x 9x Stany Zjednoczone
100%
4x 6x 7x Kanada
95%
7x 3x 4x Austria
90%
3x 5x 5x Francja
90%
5x 5x 6x Japonia
85%
7x 2x 3x Szwajcaria
85%
2x 2x 2x Rosja
80%
2x 4x 2x Australia
75%
4x 2x 1x Czechy
70%
1x 3x 1x Nowa Zelandia
60%
Nie znaleziono quizów pasujących do podanych kryteriów
Rozkład punktacji
Procent ludzi z każdym wynikiem
Percentyl według liczby udzielonych odpowiedzi
Twoja historia wyników
Nie rozwiązałeś tego quizu